| 000 | 00769nam a22001695i 4500 | ||
|---|---|---|---|
| 001 | 154346 | ||
| 003 | ES-MaACL | ||
| 005 | 20230906205704.0 | ||
| 008 | 961110s1887 sp |||| | spa d | ||
| 040 |
_aCLM _bspa _cCCPB | SIC |
||
| 100 | 1 |
_aRico Godoy, José. _997026 |
|
| 245 | 1 | 0 |
_aDel progreso en cirugía _b: discurso leido en la solemne apertura del curso académico de 1887 à 1888 en la Universidad Literaria de Granada / _cJosé Godoy y Rico. |
| 260 |
_aGranada : _b[s.n.], _c1887 ( _fImp. de Indalecio Prieto) |
||
| 300 |
_a80 p. ; _c32 cm. |
||
| 710 | 2 |
_aUniversidad Literaria de Granada. _9153703 |
|
| 852 |
_aES-MaACL _jT-448-F-7 _z-- Enc. hol. _z-- Enc. varias obras en un vol. _x-- Edic.: en este ejemp. consta en pie de imp.: Imprenta de Indalecio Ventura |
||
| 999 |
_c154346 _d154346 |
||